000 00775nam a2200181Ia 4500
008 090124s9999 xx 000 0 und d
082 _b101064
100 _aकेतकर ग. वि. (गजानन विश्र्वनाथ)
245 _a लोकमान्य टिळकांची भाषाशैली
250 _a1
260 _c1931
300 _a3+3+100
600 _aकेतकर ग. वि. (गजानन विश्र्वनाथ)
630 _a लोकमान्य टिळकांची भाषाशैली
700 _aकेतकर ग. वि. (गजानन विश्र्वनाथ)
730 _a लोकमान्य टिळकांची भाषाशैली
942 _cBOOK
999 _c147156
_d147156